[Event "Erfurt op Seniors 29th"]
[Site "Erfurt"]
[Date "2019.12.29"]
[Round "4"]
[White "Grueneschild, Hildegard"]
[Black "Bangert, Ruediger"]
[Result "0-1"]
[WhiteElo "1268"]
[BlackElo "1524"]
[PlyCount "96"]
[EventDate "2019.12.26"]
[EventType "swiss"]
[EventRounds "5"]
[EventCountry "GER"]
[SourceTitle "CBM 194 Extra"]
[Source "ChessBase"]
[SourceDate "2020.03.31"]
[SourceVersion "1"]
[SourceVersionDate "2020.03.31"]
[SourceQuality "1"]

1. c4 Nf6 2. Nc3 g6 3. g3 Bg7 4. Bg2 0-0 5. Nf3 d6 6. 0-0 a6 7. e3 Be6 8. d4 Bxc4 9. Re1 Be6 10. e4 c6 11. h3 Qd7 12. Kh2 Qc7 13. Bf4 Nh5 14. Be3 Nf6 15. Ng5 Bc8 16. f4 e5 17. f5 gxf5 18. exf5 Bxf5 19. g4 Bg6 20. dxe5 dxe5 21. h4 Rd8 22. Qe2 h6 23. Nf3 Bd3 24. Qf2 Nxg4+ 25. Kh1 Nxf2+ 26. Bxf2 Re8 27. Bg3 Qa5 28. a3 Nd7 29. Bh3 Re7 30. Re3 Bh7 31. Be1 Qb6 32. Bf2 Qxb2 33. Rae1 Qxf2 34. R1e2 Qg3 35. Rg2 Qxh3+ 36. Rh2 Qf1+ 37. Ng1 Rae8 38. Rf3 Qa1 39. Rhf2 e4 40. Rg3 e3 41. Rfg2 Qxc3 42. Rxg7+ Qxg7 43. Rxg7+ Kxg7 44. Kg2 e2 45. Nh3 e1Q 46. Nf4 Be4+ 47. Kh3 Qf1+ 48. Kg4 Qf3# 0-1

[Event "Erfurt op Seniors 29th"]
[Site "Erfurt"]
[Date "2019.12.27"]
[Round "2"]
[White "Loose, Helmut"]
[Black "Grueneschild, Hildegard"]
[Result "1-0"]
[WhiteElo "1809"]
[BlackElo "1268"]
[PlyCount "97"]
[EventDate "2019.12.26"]
[EventType "swiss"]
[EventRounds "5"]
[EventCountry "GER"]
[SourceTitle "CBM 194 Extra"]
[Source "ChessBase"]
[SourceDate "2020.03.31"]
[SourceVersion "1"]
[SourceVersionDate "2020.03.31"]
[SourceQuality "1"]

1. c4 c5 2. Nc3 Nc6 3. g3 g6 4. Bg2 Bg7 5. Nf3 Nf6 6. d3 d6 7. 0-0 Bd7 8. a3 a6 9. Qc2 Rc8 10. b3 b6 11. Bb2 e5 12. Rab1 0-0 13. Bc1 Ne7 14. Bg5 Qc7 15. Qd2 Qa7 16. Bxf6 Bxf6 17. Ne4 Nc6 18. Nxf6+ Kg7 19. Ne4 Ne7 20. Nxd6 Bc6 21. Nxc8 Rxc8 22. Nxe5 Bxg2 23. Kxg2 Qb7+ 24. Kg1 f6 25. Nf3 Nf5 26. e4 Nd4 27. Nxd4 cxd4 28. f4 b5 29. Qg2 Qa7 30. Kh1 bxc4 31. dxc4 a5 32. Rfd1 a4 33. Qf3 axb3 34. Qxb3 Rb8 35. Qxb8 Qxa3 36. Rb3 Qa2 37. Rb7+ Kh6 38. Qf8+ Kh5 39. Rxh7+ Kg4 40. Qxf6 Qxc4 41. Qxg6+ Kf3 42. Qh5+ Ke3 43. Ra7 Qc2 44. Ra3+ d3 45. Raxd3+ Qxd3 46. Rxd3+ Kxd3 47. Qf3+ Kd2 48. e5 Ke1 49. e6 1-0

[Event "GER-chB Seniors 28th"]
[Site "Niederhausen"]
[Date "2016.08.20"]
[Round "8"]
[White "Hoose, Hannelore"]
[Black "Grueneschild, Hildegard"]
[Result "1-0"]
[WhiteElo "1726"]
[BlackElo "1434"]
[PlyCount "53"]
[EventDate "2016.08.13"]
[EventType "swiss"]
[EventRounds "9"]
[EventCountry "GER"]
[SourceTitle "EXT 2019"]
[Source "ChessBase"]
[SourceDate "2018.10.10"]
[SourceVersion "1"]
[SourceVersionDate "2018.10.10"]
[SourceQuality "1"]

1. e4 c5 2. Nf3 d6 3. c3 Nc6 4. d3 Nf6 5. Be2 g6 6. Nbd2 Bg7 7. Nc4 b5 8. Ne3 a6 9. 0-0 0-0 10. a3 Bb7 11. Nc2 Nd7 12. Bd2 Qc7 13. Qc1 Rfc8 14. Ng5 Nde5 15. f4 Nd7 16. f5 Nde5 17. Nxf7 Rf8 18. fxg6 Nxg6 19. Ng5 e6 20. Nxe6 Rxf1+ 21. Bxf1 Qd7 22. Nxg7 Qxg7 23. Bh6 Qd7 24. Qg5 Nce5 25. Be2 Nf7 26. Qf6 Qe7 27. Qg7# 1-0

[Event "GER-chB Seniors 28th"]
[Site "Niederhausen"]
[Date "2016.08.17"]
[Round "5"]
[White "Grueneschild, Hildegard"]
[Black "Barlo, Werner"]
[Result "0-1"]
[WhiteElo "1434"]
[BlackElo "1774"]
[PlyCount "109"]
[EventDate "2016.08.13"]
[EventType "swiss"]
[EventRounds "9"]
[EventCountry "GER"]
[SourceTitle "EXT 2019"]
[Source "ChessBase"]
[SourceDate "2018.10.10"]
[SourceVersion "1"]
[SourceVersionDate "2018.10.10"]
[SourceQuality "1"]

1. c4 Nf6 2. Nc3 e6 3. d3 d5 4. cxd5 exd5 5. e3 Bd6 6. Nf3 c6 7. Be2 Bg4 8. 0-0 0-0 9. Re1 Qc7 10. g3 Nbd7 11. d4 Rae8 12. Qc2 h6 13. a3 Re7 14. Nd2 Bh3 15. Bf1 Bxf1 16. Rxf1 Rfe8 17. b4 b5 18. Nb3 Nb6 19. Nc5 Nc4 20. Nb3 Qd7 21. Kg2 a6 22. Nc5 Bxc5 23. bxc5 Qg4 24. h3 Qd7 25. Re1 Ne4 26. Nxe4 Rxe4 27. Qd3 Qe7 28. Ra2 Qc7 29. Ree2 Qa5 30. f3 R4e6 31. e4 dxe4 32. fxe4 f6 33. Qf3 Qc7 34. Bf4 Qd7 35. Bd6 Nxd6 36. cxd6 Qxd6 37. d5 cxd5 38. exd5 Rxe2+ 39. Rxe2 Rxe2+ 40. Qxe2 Qxd5+ 41. Kh2 Kh7 42. Qf2 Qd6 43. Qa7 Kg6 44. Qf2 Qxa3 45. Qc2+ Kf7 46. Qc7+ Qe7 47. Qc2 Qe3 48. Qc6 Qe6 49. Qc7+ Kg8 50. Qd8+ Kh7 51. Qd3+ f5 52. Qf3 Qe5 53. Qf2 b4 54. Qd2 a5 55. Qa2 0-1

[Event "Hessen-ch Seniors op 12th"]
[Site "Bad Sooden-Allendorf"]
[Date "2016.05.04"]
[Round "5"]
[White "Buss, Richard"]
[Black "Grueneschild, Hildegard"]
[Result "1-0"]
[WhiteElo "1618"]
[BlackElo "1419"]
[PlyCount "74"]
[EventDate "2016.04.30"]
[EventType "swiss"]
[EventRounds "9"]
[EventCountry "GER"]
[SourceTitle "EXT 2019"]
[Source "ChessBase"]
[SourceDate "2018.10.10"]
[SourceVersion "1"]
[SourceVersionDate "2018.10.10"]
[SourceQuality "1"]

1. e4 c5 2. Nf3 d6 3. d4 cxd4 4. Nxd4 Nf6 5. Nc3 e6 6. Bb5+ Bd7 7. Bd3 Be7 8. 0-0 0-0 9. Re1 a6 10. Bg5 Nc6 11. Nf3 Rc8 12. a3 Na7 13. h3 b5 14. Be3 Rc7 15. Bb6 Rxc3 16. Bxd8 Bxd8 17. bxc3 Ba5 18. Re2 Bxc3 19. Rb1 Ba5 20. c4 Rb8 21. cxb5 axb5 22. Nd4 Bc7 23. Qc2 Bd8 24. Qb3 d5 25. e5 Ne8 26. a4 b4 27. g4 Be7 28. Rc2 g6 29. Kg2 Bf8 30. f4 f6 31. Nf3 Nc6 32. Bb5 Na5 33. Qd3 b3 34. Re2 Bxb5 35. axb5 Nc4 36. Qxb3 fxe5 37. fxe5 Bc5 1-0

[Event "Hessen-ch Seniors op 12th"]
[Site "Bad Sooden-Allendorf"]
[Date "2016.05.03"]
[Round "4"]
[White "Grueneschild, Hildegard"]
[Black "Wraga, Teresa"]
[Result "0-1"]
[WhiteElo "1419"]
[BlackElo "1664"]
[PlyCount "97"]
[EventDate "2016.04.30"]
[EventType "swiss"]
[EventRounds "9"]
[EventCountry "GER"]
[SourceTitle "EXT 2019"]
[Source "ChessBase"]
[SourceDate "2018.10.10"]
[SourceVersion "1"]
[SourceVersionDate "2018.10.10"]
[SourceQuality "1"]

1. Nf3 g6 2. g3 Bg7 3. Bg2 d6 4. d3 Nf6 5. 0-0 0-0 6. c3 Nbd7 7. Nbd2 Rb8 8. Qc2 c5 9. e4 b5 10. Nb3 Bb7 11. Re1 Qc7 12. Nbd2 a5 13. Nf1 Rfc8 14. Ne3 c4 15. Nd4 Ba6 16. Nd5 Nxd5 17. exd5 Ne5 18. dxc4 bxc4 19. Bh3 Re8 20. Bg2 Nd3 21. Re2 Bc8 22. Nc6 Rb6 23. Be3 Rxb2 24. Qd1 Rxe2 25. Qxe2 Ne5 26. Bd4 Bf5 27. Bxe5 Bxe5 28. Qxc4 Qb6 29. Re1 Bf6 30. h3 Qb2 31. g4 Bd7 32. Nd4 Bxd4 33. cxd4 Rc8 34. Qb3 Qxb3 35. axb3 Kf8 36. Ra1 Rb8 37. Rxa5 Rxb3 38. Ra8+ Kg7 39. Ra7 Bb5 40. Rxe7 Rb4 41. Re4 Bd3 42. Rf4 g5 43. Rf3 Rxd4 44. Rg3 Be4 45. Bxe4 Rxe4 46. Kg2 Rd4 47. Rf3 Kg6 48. Re3 Rxd5 49. Kg3 0-1

[Event "Hessen-ch Seniors op 12th"]
[Site "Bad Sooden-Allendorf"]
[Date "2016.05.02"]
[Round "3"]
[White "Grueneschild, Hildegard"]
[Black "Luebbecke, Gerd"]
[Result "0-1"]
[WhiteElo "1419"]
[BlackElo "1766"]
[PlyCount "90"]
[EventDate "2016.04.30"]
[EventType "swiss"]
[EventRounds "9"]
[EventCountry "GER"]
[SourceTitle "EXT 2019"]
[Source "ChessBase"]
[SourceDate "2018.10.10"]
[SourceVersion "1"]
[SourceVersionDate "2018.10.10"]
[SourceQuality "1"]

1. c4 Nf6 2. Nc3 e6 3. g3 d5 4. e3 a6 5. cxd5 exd5 6. Bg2 c6 7. Nf3 Bd6 8. 0-0 0-0 9. Qc2 Bg4 10. Nd4 Qc8 11. f3 Bh3 12. e4 dxe4 13. Nxe4 Nxe4 14. fxe4 Bxg2 15. Kxg2 g6 16. d3 Qg4 17. Rf3 Nd7 18. Bf4 Bxf4 19. Rxf4 Qh5 20. Rh4 Qe5 21. Nf3 Qg7 22. Rf1 Rad8 23. Qe2 Nf6 24. d4 g5 25. Rh5 Nxh5 26. Ne5 Nf6 27. Rf5 h6 28. Ng4 Nxg4 29. Qxg4 Rxd4 30. h4 f6 31. hxg5 fxg5 32. Rxf8+ Qxf8 33. Qe6+ Kh7 34. Qe5 Rd2+ 35. Kh3 Qf1+ 36. Kg4 Qd1+ 37. Kf5 Qf3+ 38. Ke6 Qg4+ 39. Ke7 Qd7+ 40. Kf6 Rf2+ 41. Qf5+ Rxf5+ 42. exf5 Qd4+ 43. Ke6 Kg7 44. Ke7 Qe5+ 45. Kd7 Qxf5+ 0-1

[Event "Sachsen-Anhalt-ch Seniors 23rd"]
[Site "Halberstadt"]
[Date "2015.06.05"]
[Round "6"]
[White "Grueneschild, Hildegard"]
[Black "Scherf, Siegfried"]
[Result "0-1"]
[WhiteElo "1154"]
[BlackElo "1596"]
[PlyCount "116"]
[EventDate "2015.05.31"]
[EventType "swiss"]
[EventRounds "7"]
[EventCountry "GER"]
[SourceTitle "EXT 2018"]
[Source "ChessBase"]
[SourceDate "2017.10.13"]
[SourceVersion "1"]
[SourceVersionDate "2017.10.13"]
[SourceQuality "1"]

1. c4 b6 2. Nc3 c5 3. d3 Bb7 4. e4 Nc6 5. Nf3 g6 6. Be2 Bg7 7. 0-0 e6 8. Be3 Nge7 9. Qd2 0-0 10. Bh6 d6 11. Bxg7 Kxg7 12. d4 e5 13. d5 Nd4 14. Nxd4 cxd4 15. Nd1 Bc8 16. f4 f5 17. Bd3 Qc7 18. b3 Bd7 19. fxe5 dxe5 20. Qg5 Qd6 21. g3 fxe4 22. Bxe4 Rxf1+ 23. Kxf1 Bh3+ 24. Kg1 Bd7 25. Nf2 h6 26. Qd2 Rf8 27. Rf1 h5 28. Bg2 Nf5 29. Ne4 Qe7 30. d6 Nxd6 31. Rxf8 Nxe4 32. Bxe4 Qxf8 33. Qg5 Qf6 34. Qd2 Bh3 35. Bg2 Bf5 36. Bf1 e4 37. Qg2 d3 38. Qd2 Qd4+ 39. Kg2 e3 40. Qb4 e2 41. Qe7+ Kh6 42. Qf8+ Qg7 43. Qxg7+ Kxg7 44. Bxe2 dxe2 45. Kf2 Bd3 46. a3 a5 47. Ke1 Kf6 48. Kd2 Ke5 49. Ke1 Kd4 50. Kd2 Ke4 51. h3 Kf3 52. g4 hxg4 53. hxg4 Kxg4 54. Ke1 Kf3 55. b4 Bxc4 56. bxa5 bxa5 57. a4 g5 58. Kd2 Kf2 0-1

[Event "Sachsen-Anhalt-ch Seniors 23rd"]
[Site "Halberstadt"]
[Date "2015.06.02"]
[Round "3"]
[White "Gismann, Juergen"]
[Black "Grueneschild, Hildegard"]
[Result "1-0"]
[WhiteElo "1559"]
[BlackElo "1154"]
[PlyCount "89"]
[EventDate "2015.05.31"]
[EventType "swiss"]
[EventRounds "7"]
[EventCountry "GER"]
[SourceTitle "EXT 2018"]
[Source "ChessBase"]
[SourceDate "2017.10.13"]
[SourceVersion "1"]
[SourceVersionDate "2017.10.13"]
[SourceQuality "1"]

1. e4 c5 2. c3 Nc6 3. d4 cxd4 4. cxd4 e6 5. Nc3 Bb4 6. Nf3 Nge7 7. a3 Bxc3+ 8. bxc3 0-0 9. Be2 Qa5 10. Bd2 Qc7 11. 0-0 d5 12. e5 Na5 13. Qc2 Nc4 14. Rfc1 Bd7 15. Bg5 Ng6 16. Bd3 Rac8 17. Qe2 b5 18. Nd2 Qa5 19. Nb3 Qb6 20. Nc5 Be8 21. Bxc4 bxc4 22. Rcb1 Qa5 23. Qe1 h6 24. Bd2 Qd8 25. Nb7 Qh4 26. Nd6 Rd8 27. Rb7 a6 28. Rab1 Bc6 29. R7b6 Bb5 30. Nxb5 axb5 31. R1xb5 Ra8 32. Qa1 Qe7 33. a4 Qa7 34. a5 Ne7 35. Qa3 Ng6 36. Rb7 Qa6 37. Bc1 Qc6 38. R5b6 Rxa5 39. Qxa5 Qc8 40. Qa7 Qe8 41. Ba3 Qa8 42. Bxf8 Qxf8 43. Rb8 Qxb8 44. Rxb8+ Nf8 45. Qe7 1-0

[Event "Sachsen-Anhalt-ch Seniors 23rd"]
[Site "Halberstadt"]
[Date "2015.05.31"]
[Round "1"]
[White "Grueneschild, Hildegard"]
[Black "Walther, Joachim"]
[Result "0-1"]
[WhiteElo "1154"]
[BlackElo "1769"]
[PlyCount "136"]
[EventDate "2015.05.31"]
[EventType "swiss"]
[EventRounds "7"]
[EventCountry "GER"]
[SourceTitle "EXT 2018"]
[Source "ChessBase"]
[SourceDate "2017.10.13"]
[SourceVersion "1"]
[SourceVersionDate "2017.10.13"]
[SourceQuality "1"]

1. c4 e6 2. Nc3 Nf6 3. e3 d5 4. Nf3 Be7 5. Be2 0-0 6. 0-0 b6 7. d4 Bb7 8. Qc2 Nbd7 9. cxd5 exd5 10. Bd2 a6 11. Rac1 Rc8 12. Qb1 Ne4 13. Be1 f5 14. Nxe4 fxe4 15. Nd2 c5 16. Bg4 cxd4 17. exd4 Bf6 18. Nb3 a5 19. Bc3 Bg5 20. Rcd1 Rc6 21. Be2 Rh6 22. Bd2 Bxd2 23. Nxd2 Qh4 24. h3 Nf6 25. f4 Nh5 26. Bxh5 Rxh5 27. Qc1 Rc8 28. Qb1 Qg3 29. Rc1 Rxh3 30. Rxc8+ Bxc8 31. Qc1 Qe3+ 32. Rf2 Bg4 33. gxh3 Qg3+ 34. Rg2 Qe3+ 35. Rf2 Qxh3 36. Qc6 Qg3+ 37. Rg2 Qe3+ 38. Rf2 Qg3+ 39. Rg2 Qe3+ 40. Kf1 Qxf4+ 41. Rf2 Bh3+ 42. Ke1 Qe3+ 43. Re2 Qg1+ 44. Nf1 Qxf1+ 45. Kd2 Qf4+ 46. Re3 Qf2+ 47. Re2 Qxd4+ 48. Ke1 h6 49. Qe8+ Kh7 50. Qh5 Qg1+ 51. Kd2 Qg5+ 52. Qxg5 hxg5 53. Ke3 Kg6 54. Kd4 Be6 55. Ke5 Bf7 56. Kd4 g4 57. Ke3 Kg5 58. Rf2 Be6 59. Rg2 Kh4 60. Kf2 d4 61. Rh2+ Kg5 62. Kg3 Bxa2 63. Rd2 d3 64. Rf2 e3 65. Rf4 Be6 66. Re4 d2 67. Rd4 e2 68. Kf2 e1Q+ 0-1

[Event "Schleswig Holstein-ch Seniors op"]
[Site "Buesum"]
[Date "2014.09.25"]
[Round "1"]
[White "Grueneschild, Hildegard"]
[Black "Wulf, Adalbert"]
[Result "0-1"]
[WhiteElo "1497"]
[BlackElo "1935"]
[PlyCount "48"]
[EventDate "2014.09.25"]
[EventType "swiss"]
[EventRounds "9"]
[EventCountry "GER"]
[SourceTitle "EXT 2018"]
[Source "ChessBase"]
[SourceDate "2017.10.13"]
[SourceVersion "1"]
[SourceVersionDate "2017.10.13"]
[SourceQuality "1"]

1. c4 Nf6 2. Nc3 g6 3. g3 Bg7 4. Bg2 c6 5. d4 0-0 6. e4 d6 7. Nge2 Nbd7 8. 0-0 e5 9. d5 cxd5 10. cxd5 a5 11. Bd2 Nc5 12. Qc2 Bd7 13. a3 a4 14. Na2 Bb5 15. Rfe1 Bd3 16. Qd1 Nb3 17. Bc3 Bxe2 18. Qxe2 Nxa1 19. Rxa1 Qb6 20. Nb4 Nd7 21. Nd3 Rfc8 22. Bh3 Rc7 23. Bb4 Rac8 24. Bc3 Rd8 0-1

[Event "GER-chB Seniors 26th"]
[Site "Bad Neuenahr"]
[Date "2014.08.12"]
[Round "8"]
[White "Knobling, Rolf"]
[Black "Grueneschild, Hildegard"]
[Result "1-0"]
[WhiteElo "1632"]
[BlackElo "1536"]
[PlyCount "43"]
[EventDate "2014.08.05"]
[EventType "swiss"]
[EventRounds "9"]
[EventCountry "GER"]
[SourceTitle "EXT 2018"]
[Source "ChessBase"]
[SourceDate "2017.10.13"]
[SourceVersion "1"]
[SourceVersionDate "2017.10.13"]
[SourceQuality "1"]

1. e4 c5 2. Nf3 d6 3. c3 Nc6 4. d4 cxd4 5. cxd4 e6 6. Nc3 Nf6 7. h3 Be7 8. Be3 a6 9. a4 0-0 10. Be2 b6 11. 0-0 Bb7 12. d5 exd5 13. exd5 Nb4 14. Bc4 Rc8 15. b3 a5 16. Rc1 Nd7 17. Bd4 f6 18. Qe2 Ne5 19. Nd2 Ra8 20. f4 Ng6 21. Qf2 Ba6 22. Bxb6 1-0

[Event "Hessen-ch Seniors op 10th"]
[Site "Bad Sooden-Allendorf"]
[Date "2014.04.27"]
[Round "2"]
[White "Grueneschild, Hildegard"]
[Black "Graffenberger, Wilhelm"]
[Result "0-1"]
[WhiteElo "1562"]
[BlackElo "1755"]
[PlyCount "100"]
[EventDate "2014.04.26"]
[EventType "swiss"]
[EventRounds "9"]
[EventCountry "GER"]
[SourceTitle "EXT 2018"]
[Source "ChessBase"]
[SourceDate "2017.10.13"]
[SourceVersion "1"]
[SourceVersionDate "2017.10.13"]
[SourceQuality "1"]

1. c4 c5 2. g3 Nc6 3. Bg2 g6 4. Nc3 Bg7 5. Nf3 Nf6 6. e3 0-0 7. 0-0 d6 8. d3 Rb8 9. Re1 Bd7 10. Bd2 Qc8 11. Rc1 Bg4 12. Qb3 Nb4 13. Ne2 Nc6 14. d4 Ne4 15. d5 Bxf3 16. dxc6 Nxd2 17. Qc2 Qxc6 18. Bxf3 Nxf3+ 19. Kf1 Nxh2+ 20. Kg1 Nf3+ 21. Kf1 Nxe1 22. Kxe1 Qh1+ 23. Kd2 Qc6 24. Nf4 e6 25. b3 Rfd8 26. Ke2 b5 27. e4 bxc4 28. Qxc4 Qb5 29. Kf3 Qxc4 30. Rxc4 Bd4 31. Ne2 d5 32. Rc2 dxe4+ 33. Kxe4 Bxf2 34. Kf3 Bd4 35. Rc4 e5 36. g4 Rb4 37. Rc2 f5 38. gxf5 gxf5 39. Ng3 e4+ 40. Kg2 Rf8 41. Ne2 f4 42. Nxd4 cxd4 43. Rc5 f3+ 44. Kf1 e3 45. Rg5+ Kh8 46. Rh5 d3 47. Rd5 d2 48. Rd3 e2+ 49. Kf2 d1Q 50. Rxd1 exd1Q 0-1

[Event "Hessen-ch Seniors op 10th"]
[Site "Bad Sooden-Allendorf"]
[Date "2014.04.26"]
[Round "1"]
[White "Van Houten, Henk"]
[Black "Grueneschild, Hildegard"]
[Result "1-0"]
[WhiteElo "1755"]
[BlackElo "1562"]
[PlyCount "76"]
[EventDate "2014.04.26"]
[EventType "swiss"]
[EventRounds "9"]
[EventCountry "GER"]
[SourceTitle "EXT 2018"]
[Source "ChessBase"]
[SourceDate "2017.10.13"]
[SourceVersion "1"]
[SourceVersionDate "2017.10.13"]
[SourceQuality "1"]

1. b3 e5 2. Bb2 d6 3. d3 Nf6 4. Nd2 Nc6 5. Ngf3 Be7 6. g3 0-0 7. Bg2 Bf5 8. 0-0 Qd7 9. Re1 Bh3 10. e3 Bxg2 11. Kxg2 b5 12. Ne4 a5 13. a3 Rac8 14. Nxf6+ Bxf6 15. e4 Rfd8 16. c4 b4 17. axb4 axb4 18. Qd2 Rb8 19. Ra4 Qe6 20. Rea1 h6 21. h4 Qg4 22. Nh2 Qg6 23. Kh1 h5 24. Rg1 Qh7 25. f4 g6 26. Nf3 Kf8 27. Ra6 Nd4 28. Bxd4 exd4 29. e5 dxe5 30. Rxf6 Qg7 31. fxe5 c5 32. Qf4 Re8 33. Ng5 Rb7 34. Ne6+ Rxe6 35. Rxe6 Kg8 36. Rf6 Re7 37. Rf1 Qh7 38. e6 Kf8 1-0

[Event "Baden-ch op U1400"]
[Site "Birkenfeld"]
[Date "2013.05.31"]
[Round "3"]
[White "Grueneschild, Hildegard"]
[Black "Malheur, Lothar"]
[Result "0-1"]
[WhiteElo "1564"]
[BlackElo "1303"]
[PlyCount "106"]
[EventDate "2013.05.30"]
[EventType "swiss"]
[EventRounds "7"]
[EventCountry "GER"]
[SourceTitle "EXT 2014"]
[Source "ChessBase"]
[SourceDate "2013.11.20"]
[SourceVersion "1"]
[SourceVersionDate "2013.11.20"]
[SourceQuality "1"]

1. c4 c6 2. Nc3 d5 3. e3 Nf6 4. Nf3 Bf5 5. cxd5 cxd5 6. Nd4 Bd7 7. Qb3 e5 8. Nde2 Bc6 9. d4 e4 10. Ng3 a5 11. Be2 a4 12. Qc2 Ra5 13. 0-0 Be7 14. a3 0-0 15. Bd2 Ra7 16. Nf5 g6 17. Nxe7+ Qxe7 18. Na2 Rc8 19. Bb4 Qe6 20. Bc5 b6 21. Bb4 Bd7 22. Qd2 Na6 23. Rfc1 Nc7 24. Rc2 Nfe8 25. f3 f5 26. fxe4 fxe4 27. Rf1 Ng7 28. Nc3 Raa8 29. Rf4 Nf5 30. Bg4 Na6 31. Bxf5 gxf5 32. Qf2 Nxb4 33. axb4 Qg6 34. Nxd5 Kf7 35. Rc3 a3 36. Rxa3 Rc1+ 37. Qf1 Rxf1+ 38. Rxf1 Rxa3 39. bxa3 Bc6 40. Nf4 Qg8 41. Rc1 Qa8 42. Rc3 Qa4 43. Kf2 Kf6 44. d5 Qd1 45. Rc4 Qd2+ 46. Ne2 Bb5 47. Rd4 Qxe2+ 48. Kg3 Qxe3+ 49. Kh4 Qxd4 50. Kh5 Be2+ 51. Kh6 Qe3+ 52. Kxh7 Qg5 53. d6 Qg7# 0-1

[Event "Hessen-ch Seniors op 09th"]
[Site "Bad Sooden-Allendorf"]
[Date "2013.04.28"]
[Round "9"]
[White "Grueneschild, Hildegard"]
[Black "Baier, Peter"]
[Result "1/2-1/2"]
[WhiteElo "1564"]
[BlackElo "1767"]
[PlyCount "94"]
[EventDate "2013.04.20"]
[EventType "swiss"]
[EventRounds "9"]
[EventCountry "GER"]
[SourceTitle "EXT 2019"]
[Source "ChessBase"]
[SourceDate "2018.10.10"]
[SourceVersion "1"]
[SourceVersionDate "2018.10.10"]
[SourceQuality "1"]

1. c4 c5 2. Nc3 Nf6 3. g3 Nc6 4. Bg2 e6 5. e3 Be7 6. Nf3 h6 7. d4 cxd4 8. exd4 d5 9. b3 0-0 10. 0-0 a6 11. Re1 Re8 12. c5 b6 13. cxb6 Qxb6 14. Na4 Qa7 15. Bb2 Bd7 16. Rc1 Rac8 17. Ne5 Nb4 18. Nxd7 Qxd7 19. Rxc8 Qxc8 20. a3 Nc6 21. Re2 Qb7 22. Qd3 Rc8 23. b4 Qb5 24. Qxb5 axb5 25. Nc3 Nxd4 26. Rd2 Nf5 27. Nxb5 Nd6 28. Nxd6 Bxd6 29. Bxf6 gxf6 30. Kf1 Rc3 31. Ra2 Kf8 32. Ke2 Ke7 33. Kd2 Be5 34. a4 Rc7 35. b5 Bc3+ 36. Ke2 Ba5 37. f4 Kd6 38. Bh3 e5 39. fxe5+ fxe5 40. Bf5 f6 41. h4 Rc3 42. g4 Kc5 43. h5 d4 44. Rc2 Kc4 45. Rxc3+ Kxc3 46. Bd3 Kb3 47. Kf3 Kc3 1/2-1/2

[Event "GER-ch Seniors"]
[Site "Dresden"]
[Date "2012.08.09"]
[Round "1"]
[White "Grueneschild, Hildegard"]
[Black "Keller, Gerhard"]
[Result "0-1"]
[WhiteElo "1613"]
[BlackElo "1767"]
[PlyCount "74"]
[EventDate "2012.08.09"]
[EventType "swiss"]
[EventRounds "9"]
[EventCountry "GER"]
[SourceTitle "EXT 2014"]
[Source "ChessBase"]
[SourceDate "2013.11.20"]
[SourceVersion "1"]
[SourceVersionDate "2013.11.20"]
[SourceQuality "1"]

1. c4 c5 2. Nc3 Nc6 3. g3 g6 4. Bg2 Bg7 5. Nf3 d6 6. 0-0 Nf6 7. d3 0-0 8. h3 Bd7 9. Be3 e5 10. Ng5 Rb8 11. Nce4 Nxe4 12. Nxe4 Bf5 13. Nc3 Qd7 14. Kh2 Be6 15. f4 f5 16. Nd5 Rbc8 17. Qd2 Ne7 18. Nc3 Nc6 19. Nd5 Ne7 20. Nc3 b6 21. fxe5 dxe5 22. Bh6 f4 23. Bxg7 fxg3+ 24. Kxg3 Kxg7 25. e4 Nc6 26. Nd5 Nd4 27. Kh2 h6 28. Rac1 Rce8 29. b3 Qd8 30. Qe3 Bc8 31. Rxf8 Rxf8 32. Rg1 Qh4 33. Rf1 Rxf1 34. Bxf1 Bg4 35. Nc3 Nf3+ 36. Kh1 Qg3 37. Qe2 Qg1# 0-1